00798nam a2200265Ia 4500003000900000008004100009040001300050040001300063041000800076100002000084100001000104245004300114250001100157260001200168260000900180300001100189300001200200490002600212490000800238600004300246700002100289942000700310999001700317952019800334IT-RoPAU120407s9999 xx 000 0 und d aIT-RoPAU cIT-RoPAU aita aErnest Junger  ccoll. aOltre la linea. A cura di Franco Volpi aMilano aAdelphi c1989 a167 p. c17,7 cm aPiccola Bibl. Adelphi v233 aLa questione dell’essere. a p. 107 aMartin Heidegger cBK c26862d26862 00102ddc406193_80000000000000071aPAULUSbPAULUSd2012-04-11l0o193.8r2012-04-11 00:00:00w2012-04-11yBKzInserito da: LUCIA In data: 02 settembre 2011 fondo: Via A.Severo 56 Progr:27724